<?xml version="1.0" encoding="UTF-8"?>
<marc:record xmlns:marc="http://www.loc.gov/MARC21/slim">
   <marc:leader>00000nam a2200000 a 4500</marc:leader>
   <marc:datafield ind1="1" ind2=" " tag="100">
      <marc:subfield code="a">Carr, Allen</marc:subfield>
      <marc:subfield code="4">aut</marc:subfield>
      <marc:subfield code="e">Verfasser/-in</marc:subfield>
   </marc:datafield>
   <marc:datafield ind1=" " ind2=" " tag="653">
      <marc:subfield code="a">Ratgeber</marc:subfield>
   </marc:datafield>
   <marc:datafield ind1=" " ind2=" " tag="653">
      <marc:subfield code="a">Raucherentwöhnung</marc:subfield>
   </marc:datafield>
   <marc:datafield ind1=" " ind2=" " tag="653">
      <marc:subfield code="a">Rauchen</marc:subfield>
   </marc:datafield>
   <marc:datafield ind1="0" ind2="0" tag="245">
      <marc:subfield code="a">Endlich Nichtraucher!</marc:subfield>
   </marc:datafield>
   <marc:datafield ind1="0" ind2="0" tag="245">
      <marc:subfield code="b">der einfache Weg, mit dem Rauchen Schluss zu machen</marc:subfield>
   </marc:datafield>
   <marc:datafield ind1=" " ind2="1" tag="264">
      <marc:subfield code="b">Goldmann</marc:subfield>
      <marc:subfield code="c">2012</marc:subfield>
   </marc:datafield>
   <marc:datafield ind1="1" ind2=" " tag="520">
      <marc:subfield code="a">Klappentext: All jenen, die bereit sind, mit dem Rauchen endgültig Schluss zu machen, zeigt dieses Buch den Weg. Mit Allen Carrs sensationeller und weltweit bekannter äEasywayô-Methode kann jeder in wenigen Wochen und ohne übermenschliche Willensanstrengung die körperliche und psychische Sucht überwinden, indem er seine Abhängigkeit kritisch hinterfragt und ihr schließlich aus Überzeugung den Rücken kehrt.  Biografie Allen Carr erlangte durch Ratgeber, die Rauchern das Aufhören erleichtern sollen, weltweite Bekanntheit. Carr wurde 1934 in England geboren. Sein Vater rauchte, erkrankte an Lungenkrebs und starb. Trotzdem griff auch Allen Carr zu Zigaretten und wurde Kettenraucher. Nach vielen gescheiterten Versuchen gelang es ihm nach 25 Jahren, endgültig mit dem Rauchen aufzuhören. Seine Selbsthilfemethode hat er zunächst in Einzelgesprächen und Seminaren weitergegeben. Mittlerweile gibt es weltweit "Carr-Standorte" mit eigenen Trainern. Seine Methode beschreibt der Longseller "Endlich Nichtraucher". Die Grundsätze seiner Methode übertrug er später u.Â a. auf die Themen Ernährung und Alkohol. Tragischerweise wurde 2005 bei Carr Lungenkrebs diagnostiziert. Bereits im darauffolgenden Jahr verstarb er.</marc:subfield>
   </marc:datafield>
   <marc:datafield ind1=" " ind2=" " tag="020">
      <marc:subfield code="a">9783442174027</marc:subfield>
      <marc:subfield code="9">9783442174027</marc:subfield>
   </marc:datafield>
</marc:record>
